000 01234nam a2200229Ia 4500
001 L200-53775
003 IT-CnALBA
008 170116s9999||||xx |||||||||||||| ||und||
040 _aIT-CnALBA
_cIT-CnALBA
041 _aITALIANO
100 _aBONORA DON ANTONIO
245 0 _aIN PRINCIPIO. BIBBIA E COMUNICAZIONE. DOPPIONE.
250 _a1a ed.
260 _aCINISELLO BALSAMO (MI)
_bPERIODICI SAN PAOLO ED.
_c1994 [1° Ed.:1994 - Ed.Ling.Originale: 1994]
300 _a126 p.
500 _aPRESENTAZIONE. VISIONE BIBLICA E TEOLOGIA DELLA COMUNICAZIONE. ORIZZONTE COMUNICAZIONE. LA DIVINA COMUNICAZIONE. UMANA. RIVELAZIONE COME DIALOGO. NELL'ANTICO E NEL NUOVO TESTAMENTO. LE STRUTTURE. L'ALLEANZA. E STORIA. E NUOVA ED ETERNA. DIALOGO ETERNO.
501 _aSocietà San Paolo EM - Piazza San Paolo, 14 - 12051 ALBA (CN) (non commercial uses only) ® Copyright 2017
520 _aPRESENTAZIONE. VISIONE BIBLICA E TEOLOGIA DELLA COMUNICAZIONE. ORIZZONTE COMUNICAZIONE. LA DIVINA COMUNICAZIONE. UMANA. RIVELAZIONE COME DIALOGO. NELL'ANTICO E NEL NUOVO TESTAMENTO. LE STRUTTURE. L'ALLEANZA. E STORIA. E NUOVA ED ETERNA. DIALOGO ETERNO.
650 _aRELIGIONE - RELIGIONE CRISTIANA
942 _cBK
957 _71
999 _a71265
_bNO
_g Copie: 1
_c312650
_d312650